| 000 | 00473nam a2200181Ia 4500 | ||
|---|---|---|---|
| 005 | 20250206024516.0 | ||
| 008 | 240331s9999 xx 000 0 und d | ||
| 020 | _a817044098X | ||
| 082 |
_bPUR _23557 _a305.4 |
||
| 100 | _aPuri, U | ||
| 245 | 0 |
_aTowards a New Womanhood: _bA Study of Black Women Writers |
|
| 260 |
_aJaipur _bPrintwell Publishers _c1989 |
||
| 300 | _axv, 187 p., | ||
| 650 | _aBlack Women | ||
| 650 | _aAfro-American | ||
| 650 | _aWomanhood | ||
| 942 | _cL | ||
| 999 |
_c1691 _d1691 |
||